000 01009nam a2200277 i 4500
001 000029763
003 DO-SdBNP
005 20250703115708.0
008 110425s1953 dr 000 0 spa d
040 _aDO-SdBNP
_bspa
_cBNPHU
_erda
041 _hspa
082 _axxx
_bB641b
_222
100 1 _aBlanco Fombona, Rufino
_eautor
_919144
245 1 0 _aBolívar escritor /
_cRufino Blanco Fombona.
264 _aCiudad Trujillo, República Dominicana :
_bImpresora Arte y Cine,
_c[1953].
300 _a44 páginas ;
_c22 cm.
336 _ardacontent
_btexto
_2txt
337 _ardamedia
_bsin mediación
_2n
338 _ardacarrier
_bvolumen
_2nc
490 1 _aPublicaciones literarias de la embajada de Venezuela en la República Dominicana
_v1
500 _aIncluye referencias bibliográficas y notas al pie de las páginas
590 _aInventariado, 2025/DG
830 0 _apublicaciones literarias de la embajada de Venezuela en la República Dominicana
_v1
_956532
910 _aDG
942 _2ddc
_cLF2
999 _c29255
_d29255